000 00512nam a2200145Ia 4500
008 100122s9999 xx 000 0 und d
082 _b66464
_a920.054
100 _aभोसले यशोधरा
245 _aअपूर्व अलौकिक एकमेव
260 _bनवचैतन्य प्रकाशन
_c2004
300 _a198
630 _aअपूर्व अलौकिक एकमेव
730 _aअपूर्व अलौकिक एकमेव
942 _cBOOK
999 _c438995
_d438992